00336nam a22001337a 450000500170000001000130001703500130003003700230004308200120006624500460007826000370012430000210016170000200018220180720165321.0 aA-842515 aA-842515 bProgress Publisher a220.947 aNorth Russian architecturecKathleen Cook aMoscowbProgress Publisherc1972 a322p.c16cm.(Hb) aCook, Kathleen